02610nam a2200217Ia 4500001000400000003000400004005001700008008004100025020002200066040002900088082002100117110007100138111006100209245009300270260006800363300001100431500024900442505157300691650010002264700002802364295OSt20250204083046.0241024s2009 dr ac f n z001|0 spa d a978-9945-427-78-3 aCDG006bspacCDG006erda04aRD/306/C749c221 aRepública Dominicana, Universidad Autónoma de Santo Domingo  aCongreso Iberoamericano: Cultura, Diversidad y Diálogo 0aCongreso Iberoamericano :bCultura, Diversidad y Diálogo /ccoordinador César Zapata aSanto Domingo : bUniversidad Autónoma de Santo Domingoc2009 a173 p. aInvestigar sobre lo propio en relación con las alteridades, lenguas, tradiciones, patrimonio e historia de otros paises nos brinda una visión más amplia de nuestros propios valores culturales en lo que tenemos de semejanzas y diferencias. aÍndice - Presentación...9 - BOLIVAR TRONCOSO MORALES – Prólogo…13- CESAR ZAPATA - Estrategias identitarias sobresalientes en la expresión literaria antillana contemporánea: La toma de conciencia de la desvalorización identitaria CUNA CARMEN…19 - Texto y contexto de la contra conservación. JOSE ENRIQUE DELMONTE SOÑE…41- La ciudadanía: Entre la desterritorialización y el ulticulturalismo JUAN GELABERT 49 - Cultura y diversidad en Santo Domingo: Un abordaje etnohistórico JOSE G. GUERRERO 61 - La fiesta en el Perú y el mundo andino LUIS ORLANDO REPETO MÁLAGA..73 - Identidades globalizadas: Resistencia y creación intercultural. JOSÉ ANTONIO MAC GREGOR… 83 - Diversidad cultural: Entre conflictos y diálogos, caso Bolivia. NORMA CAMPOS VERA.. 89 - Diversidad cultural, una práctica. La experiencia del Centro Cultural San Martín MARÍA VICTORIA ALCARAZ.. 99 - La hibridación subliminal en la cultura dominicana contemporánea n MARTHA ELLEN DAVIS.. 107 - Estrategias para entrar y salir de la mulatidad: El concepto de "poesía mulata" en Fernando Ortiz y Tomás Hernández Franco MEDAR SERRATA.. 117 - El doble del dictador. Poderes del Estado en la imaginación popular LAUREN DERBY..127 - Enfrentando la Ocupación: Hacia un estudio comparativo de resistencia armada en Centroamérica y el Caribe ROBERT SIERAKOWSKI…139 - Globalización, arte, cultura popular e identidad nacional CARLOS ANDUJAR PERSINAL…147 - Derechos culturales en Iberoamérica MATEO MORRISON…159 - 159. lagas....165.  a1. Cultura. 2. Identidad nacional. 3. Identidad culturalxCaribe(Región). 4. Cultura popular. aZapata, César, coord.